000 01206nam a22002177a 4500
005 20260303111021.0
008 260303e20260223xxk|||||o|||| 00| 0 eng d
041 _aeng
110 _aRoyal Institution of Chartered Surveyors
245 _aRICS Practice Alert -Use of RICS designations, status and logos, and integrity of assessment submissions
_h[Email update]
260 _aLondon,
_bRoyal Institution of Chartered Surveyors,
_c23 February 2026
300 _aemail
490 _aRICS Practice Alert
520 _aRegulation Practice Alert to all RICS members globally to reaffirm to all candidates, RICS members and RICS-regulated firms the correct and lawful use of RICS designations, membership status and logos. It also reminds candidates of the expectations around assessment submissions, including the use of plagiarism and generative AI, both of which are not permitted.
650 _aRICS
651 _aInternational
690 _aRICS
_96277
710 _aRoyal Institution of Chartered Surveyors
856 _uhttps://www.rics.org/content/dam/ricsglobal/documents/regulation/Practice-Alert_Designations-and-Candidates_February-2026.pdf
_zView the online Practice Update
942 _n0
999 _c122296
_d122296